|
|
|
|
| LEADER |
00732nam a22002292a 4500 |
| 001 |
000800906 |
| 003 |
CZ BrMZK |
| 005 |
20080226065338.0 |
| 007 |
ta |
| 008 |
051208s1896 xr er|||||||||||cze d |
| 040 |
|
|
|a ABA001
|b cze
|c OSA001
|d ABA001
|
| 100 |
1 |
|
|a Šafránek, František,
|d 1847-1905
|7 jk01122378
|4 aut
|
| 245 |
1 |
0 |
|a Nerostopis pro 7. třídu reálnou /
|c seps. František Šafránek
|
| 250 |
|
|
|a 2. přeprac. vyd.
|
| 260 |
|
|
|a Praha :
|b Tempský,
|c 1896
|
| 300 |
|
|
|a 110 s.
|
| 910 |
|
|
|a BOA001
|b PK-II-0024.729
|
| 964 |
|
|
|a Mineralogie - učebnice - reálky
|
| 964 |
|
|
|a Bohemika - stol. 19.
|
| 990 |
|
|
|a BK
|
| 993 |
|
|
|a Y
|
| 996 |
6 |
|
|b BC-250368
|c PK-II-0024.729
|l MZK
|r Sklad / do 1 hodiny
|n 0
|w 000800906
|u 000010
|a 1
|e BOA001
|j MZK50
|s P
|